| 000 | 00576nam a2200193 a 4500 | ||
|---|---|---|---|
| 005 | 20210223120720.0 | ||
| 008 | 991125s1979 mx 000 0 spa u | ||
| 035 | _aUPN01000006012 | ||
| 049 | _aCG | ||
| 050 | 4 |
_aF1787.5 _bT8.28 |
|
| 100 | 1 | _aTuttino, Saverio | |
| 245 | 1 | 0 |
_aBreve historia de la revolución cubana / _cSaverio Tuttino ; tr. Ana María Palos. |
| 260 |
_aMéxico : _bEra, _c1979. |
||
| 300 | _a233 p. | ||
| 440 | 0 |
_aSerie popular Era ; _v65 |
|
| 651 | 4 |
_aCUBA - _xHISTORIA - _y1933-1959 _912300 |
|
| 651 | 4 |
_aCUBA - _xPOLITICA Y GOBIERNO _912399 |
|
| 905 | _aLibro | ||
| 999 |
_c6012 _d6012 |
||